| 000 | 00000nas 2200000za 4500 |
| 001 | 9.840916 |
| 003 | CaOODSP |
| 005 | 20221107151948 |
| 007 | cr ||||||||||| |
| 008 | 170802d20092012oncar psos f0 a0fre|d |
| 040 | |aCaOODSP|bfre |
| 043 | |an-cn--- |
| 086 | 1 |aNS1-33F-PDF |
| 110 | 2 |aConseil de recherches en sciences naturelles et en génie du Canada. |
| 245 | 10|aStatistiques du concours de subventions à la découverte de ... |h[ressource électronique]. |
| 260 | |a[Ottawa] : |bConseil de recherches en sciences naturelles et en génie du Canada,|c[2009]-2012. |
| 310 | |aAnnuel |
| 362 | 0 |aParaît depuis : 2009? |
| 500 | |aTitre de départ. |
| 500 | |aPublié également en anglais sous le titre : Competition statistics, Discovery Grants Program. |
| 520 | 2 |a« Le rapport comprend des tableaux et des graphiques contenant des renseignements sommaires sur le concours de subventions à la découverte, et dresse quelques comparaisons par rapport aux concours précédents. » |
| 580 | |aSuivi de : Statistiques sur le concours de subventions à la découverte (SD) et d’outils et d’instruments de recherche (OIR) de ... |
| 692 | 07|2gccst|aBourse d'études |
| 692 | 07|2gccst|aFinancement public |
| 775 | 08|tCompetition statistics, Discovery Grants Program |w(CaOODSP)9.840910 |
| 785 | 00|tStatistiques sur le concours de subventions à la découverte (SD) et d'outils et d’instruments de recherche (OIR) de ...|w(CaOODSP)9.840917 |